Fórum 2000 pokračuje

Podrobná bibliografia
Hlavný autor: Repková, Oľga (Autor)
Médium: Článok
Jazyk:slovenčina
Predmet:

MARC

LEADER 00000nab a2200000 a 4500
001 vtls000736929
003 SK-MaSNL
005 20260302193159.0
008 180206c2000 xo 0 slo
015 |a SNBRB2000/11-31504 
035 |a CLN000088796 
040 |a SNKBUCL  |b slo  |c SNKBUCL  |e AACR2 
041 0 |a slo 
044 |a xo  |c SK 
080 |a 352/354(437.6):061.3  |2 UDC-MRF-SK2 
100 1 |a Repková, Oľga  |4 aut  |9 911464 
245 1 0 |a Fórum 2000 pokračuje  |c Oľga Reptová 
611 1 7 |a Fórum  |d 2000  |c Slovensko  |2 snkbucl  |9 911465 
650 0 7 |a správa verejná  |z Slovensko  |x reforma  |2 snkbucl  |9 463276 
655 7 |a články z novín a časopisov  |2 snkbucl  |9 267496 
773 0 |t Obecné noviny  |g Roč. 10, č. 45 (2000), s. 6 
850 |a Slovenská národná knižnica v Martine 
852 |a SNK  |b KIS3GCP 
958 |a RBX 
999 |c 1443587  |d 1445517